[Event "4th Transport Ministry's Cup"]
[Site "Warsaw POL"]
[Date "1978.06.05"]
[Round "7"]
[White "Balogh, Bela"]
[Black "Schinzel, Wladyslaw"]
[Result "1-0"]
[WhiteElo "2280"]
[BlackElo "2400"]
[EventDate "1978.05.30"]
[PlyCount "145"]

1.d4 Nf6 2.c4 c5 3.d5 b5 4.cxb5 a6 5.e3 g6 6.Nc3 d6 7.Nf3 Bg7 8.e4 O-O 9.
a4 axb5 10.Bxb5 Ba6 11.Bg5 Qa5 12.O-O Qb4 13.Qc2 Nbd7 14.Rfe1 Bxb5 15.Nxb5
Qa5 16.Bd2 Qb6 17.Bc3 Ra6 18.Nd2 Rfa8 19.Nc4 Qb7 20.b3 Bh6 21.Bd2 Bg7 22.
Rab1 h6 23.Bc3 Nf8 24.Rbd1 g5 25.Qd2 Ng6 26.g3 Qd7 27.f3 Rd8 28.Qg2 h5 29.
Rd3 h4 30.Bd2 hxg3 31.hxg3 Nh7 32.Kf2 f5 33.Qh3 fxe4 34.Qxd7 Rxd7 35.Rxe4 
Nf6 36.Re1 g4 37.f4 Kf7 38.Nc3 Rb7 39.Ne4 Nxe4+ 40.Rxe4 Bd4+ 41.Be3 Bxe3+ 
42.Rdxe3 Nf8 43.f5 Nh7 44.Rxg4 Nf6 45.Rg6 Nxd5 46.Rd3 Nb4 47.Rd1 Rb8 48.
Rh1 Rf8 49.Rh7+ Ke8 50.g4 d5 51.Rxa6 Nxa6 52.Ne5 Rg8 53.Ng6 Kd8 54.Nxe7 
Rxg4 55.Nxd5 Rd4 56.Ne3 Rb4 57.Ra7 Nc7 58.Ra5 Rxb3 59.Rxc5 Kd7 60.Kf3 Kd6 
61.Ra5 Rb4 62.Ra7 Ne8 63.Ra6+ Kc5 64.Ra8 Nf6 65.Ra5+ Kb6 66.Re5 Nd7 67.
Nd5+ Kc5 68.Nxb4+ Nxe5+ 69.Ke4 Nc4 70.Nd3+ Kb6 71.Kd4 Nd6 72.f6 Ka5 73.Nb2
1-0

[Event "4th Transport Ministry's Cup"]
[Site "Warsaw POL"]
[Date "1978.06.05"]
[Round "7"]
[White "Boehlig, Heinz"]
[Black "Bernard, Ryszard"]
[Result "0-1"]
[WhiteElo "2450"]
[BlackElo "2360"]
[EventDate "1978.05.30"]
[PlyCount "52"]

1.d4 d5 2.Nf3 Nf6 3.c4 dxc4 4.e3 e6 5.Bxc4 c5 6.O-O a6 7.Qe2 b5 8.Bd3 cxd4
9.exd4 Bb7 10.Nc3 Be7 11.Re1 Nc6 12.Bg5 Nxd4 13.Nxd4 Qxd4 14.Be3 Qe5 15.
Rad1 O-O 16.f4 Qc7 17.Rc1 Qa5 18.a3 b4 19.axb4 Qxb4 20.Na2 Qa5 21.b4 Qd8 
22.Red1 Nd5 23.Nc3 Bxb4 24.Nxd5 Bxd5 25.Bd4 Qh4 26.g3 Qh3 0-1

[Event "4th Transport Ministry's Cup"]
[Site "Warsaw POL"]
[Date "1978.06.05"]
[Round "7"]
[White "Filipowicz, Andrzej"]
[Black "Rajna, Gyorgy"]
[Result "1-0"]
[WhiteElo "2355"]
[BlackElo "2410"]
[EventDate "1978.05.30"]
[PlyCount "83"]

1.e4 e6 2.d4 d5 3.Nc3 Bb4 4.Ne2 dxe4 5.a3 Be7 6.Nxe4 Nf6 7.N2g3 O-O 8.c3 
Nc6 9.f4 b6 10.Bd3 Bb7 11.O-O Qd5 12.Nxf6+ Bxf6 13.Be4 Qd7 14.Qf3 Rab8 15.
Be3 Na5 16.Bxb7 Nxb7 17.f5 Nd6 18.fxe6 fxe6 19.Qg4 Nc4 20.Bh6 Kh8 21.Nh5 
Bxd4+ 22.Qxd4 Qxd4+ 23.cxd4 gxh6 24.Rfc1 Ne3 25.Rxc7 Rbd8 26.Re1 Rxd4 27.
h3 Nd5 28.Rxa7 Rg8 29.Rxe6 Rd2 30.g4 Rc8 31.Re1 Rd8 32.Rd7 Rf8 33.Nf6 Nxf6
34.Rxd2 Kg7 35.Re7+ Kg6 36.Rd6 h5 37.Rxb6 hxg4 38.Ree6 h5 39.Rxf6+ Rxf6 
40.Rxf6+ Kxf6 41.hxg4 hxg4 42.Kg2 1-0

[Event "4th Transport Ministry's Cup"]
[Site "Warsaw POL"]
[Date "1978.06.05"]
[Round "7"]
[White "Gromek, Jozef"]
[Black "Witkowski, Stefan"]
[Result "1-0"]
[WhiteElo "2370"]
[BlackElo "2365"]
[EventDate "1978.05.30"]
[PlyCount "77"]

1.e4 c5 2.Nf3 Nc6 3.c3 e6 4.d4 d5 5.e5 Qb6 6.Bd3 Bd7 7.dxc5 Bxc5 8.Qe2 f5 
9.Nbd2 Qc7 10.Nb3 Be7 11.Nbd4 Nh6 12.O-O O-O 13.Re1 Kh8 14.a3 Qb6 15.b4 
Rac8 16.Be3 f4 17.Nxc6 Qxc6 18.Bd2 g5 19.Nd4 Qb6 20.Kh1 Qd8 21.g3 Qe8 22.
gxf4 gxf4 23.Qf3 Qf7 24.Qh3 Ng8 25.Rg1 Be8 26.Bg6 Qxg6 27.Rxg6 Bxg6 28.
Qxe6 Bh4 29.Qxd5 Bxf2 30.Qf3 Bxd4 31.cxd4 Rc4 32.e6 Ne7 33.Rc1 Rxc1+ 34.
Bxc1 Kg8 35.Bxf4 Be8 36.Qg3+ Ng6 37.Bh6 Bc6+ 38.Kg1 Re8 39.Qc7 1-0

[Event "4th Transport Ministry's Cup"]
[Site "Warsaw POL"]
[Date "1978.06.05"]
[Round "7"]
[White "Kuligowski, Adam"]
[Black "Webb, Simon"]
[Result "1-0"]
[WhiteElo "2325"]
[BlackElo "2445"]
[EventDate "1978.05.30"]
[PlyCount "121"]

1.c4 Nf6 2.Nc3 c5 3.Nf3 e6 4.g3 b6 5.Bg2 Bb7 6.O-O Be7 7.d4 cxd4 8.Qxd4 d6
9.Rd1 O-O 10.b3 a6 11.Ba3 Ne8 12.Ne4 Nc6 13.Qd2 d5 14.Bxe7 Nxe7 15.cxd5 
Nxd5 16.Rac1 Nef6 17.Ne5 Nxe4 18.Bxe4 Rc8 19.Rxc8 Qxc8 20.Rc1 Qd8 21.Nc6 
Qd6 22.Bxd5 exd5 23.Qb4 Qxb4 24.Nxb4 a5 25.Nc6 Re8 26.Nd4 Rc8 27.Rxc8+ 
Bxc8 28.f3 Kf8 29.Kf2 Ke7 30.Ke3 Kd6 31.a3 Kc5 32.Kd3 Bd7 33.Kc3 Bc8 34.
b4+ axb4+ 35.axb4+ Kd6 36.f4 Bd7 37.Kd3 f6 38.Ke3 Ke7 39.Kd3 Kd6 40.Kc3 
Ke7 41.Nc2 Bf5 42.Ne3 Be4 43.Kd4 Kd6 44.Nd1 Bc2 45.Nc3 Bb3 46.f5 h5 47.b5 
Bc2 48.Nxd5 Ba4 49.Nc3 Bc2 50.e4 Bb3 51.Nd5 Ba4 52.Nf4 Bd1 53.h3 Bf3 54.
Ne6 g6 55.Nf4 gxf5 56.exf5 Bd1 57.Nd5 Bc2 58.g4 hxg4 59.hxg4 Ba4 60.Nxf6 
Bxb5 61.g5 1-0

[Event "4th Transport Ministry's Cup"]
[Site "Warsaw POL"]
[Date "1978.06.06"]
[Round "8"]
[White "Bernard, Ryszard"]
[Black "Kuligowski, Adam"]
[Result "1/2-1/2"]
[WhiteElo "2360"]
[BlackElo "2325"]
[EventDate "1978.05.30"]
[PlyCount "26"]

1.e4 c5 2.Nf3 d6 3.d4 cxd4 4.Nxd4 Nf6 5.Nc3 a6 6.f4 Qc7 7.Bd3 e5 8.Nf3 b5 
9.O-O Be7 10.Qe1 O-O 11.Kh1 Bb7 12.fxe5 dxe5 13.Nh4 Nh5 1/2-1/2

[Event "4th Transport Ministry's Cup"]
[Site "Warsaw POL"]
[Date "1978.06.06"]
[Round "8"]
[White "Gromek, Jozef"]
[Black "Balogh, Bela"]
[Result "1-0"]
[WhiteElo "2370"]
[BlackElo "2280"]
[EventDate "1978.05.30"]
[PlyCount "61"]

1.c4 g6 2.e4 c5 3.Nf3 Nc6 4.d4 cxd4 5.Nxd4 Nf6 6.Nc3 d6 7.f3 Nxd4 8.Qxd4 
Bg7 9.Be3 O-O 10.Qd2 Be6 11.Rc1 Rc8 12.b3 Nd7 13.Be2 a5 14.O-O Nc5 15.Rfd1
Qb6 16.Nb5 Bd7 17.Bf1 Bxb5 18.cxb5 Qa7 19.Rc2 b6 20.Qf2 Rc7 21.Bc4 Nd7 22.
Rdc1 Rfc8 23.f4 Nc5 24.Qf3 e6 25.f5 gxf5 26.exf5 d5 27.f6 Bf8 28.Bd3 h6 
29.Qg3+ Kh8 30.Qh4 Nxd3 31.Bxh6 1-0

[Event "4th Transport Ministry's Cup"]
[Site "Warsaw POL"]
[Date "1978.06.06"]
[Round "8"]
[White "Nun, Josef"]
[Black "Filipowicz, Andrzej"]
[Result "1/2-1/2"]
[WhiteElo "2405"]
[BlackElo "2355"]
[EventDate "1978.05.30"]
[PlyCount "24"]

1.e4 c5 2.c3 g6 3.d4 cxd4 4.cxd4 d5 5.exd5 Nf6 6.Nc3 Bg7 7.Bc4 O-O 8.Nge2 
Nbd7 9.Nf4 Nb6 10.Bb3 Bg4 11.f3 Bc8 12.O-O a5 1/2-1/2

[Event "4th Transport Ministry's Cup"]
[Site "Warsaw POL"]
[Date "1978.06.06"]
[Round "8"]
[White "Schinzel, Wladyslaw"]
[Black "Boehlig, Heinz"]
[Result "1-0"]
[WhiteElo "2400"]
[BlackElo "2450"]
[EventDate "1978.05.30"]
[PlyCount "59"]

1.c4 Nf6 2.Nf3 e6 3.d4 b6 4.g3 Bb7 5.Bg2 Be7 6.O-O O-O 7.Nc3 Ne4 8.Qc2 
Nxc3 9.Qxc3 c5 10.Rd1 d6 11.b3 Nd7 12.Bb2 Nf6 13.d5 exd5 14.cxd5 Ne8 15.e4
Bf6 16.Qc2 Bxb2 17.Qxb2 Qf6 18.Qd2 Rd8 19.Ne1 Nc7 20.a4 Rfe8 21.Nc2 a5 22.
Ne3 Rb8 23.f4 Ba6 24.e5 dxe5 25.d6 Rbd8 26.Ng4 Qf5 27.Nxe5 Ne6 28.d7 Rf8 
29.Nc6 Qf6 30.Qd6 1-0

[Event "4th Transport Ministry's Cup"]
[Site "Warsaw POL"]
[Date "1978.06.06"]
[Round "8"]
[White "Witkowski, Stefan"]
[Black "Rajna, Gyorgy"]
[Result "0-1"]
[WhiteElo "2365"]
[BlackElo "2410"]
[EventDate "1978.05.30"]
[PlyCount "67"]

1.c4 c5 2.Nc3 g6 3.Nf3 Bg7 4.d4 Nf6 5.g3 O-O 6.Bg2 d6 7.O-O Nc6 8.dxc5 
dxc5 9.Bf4 Be6 10.Nd2 Rc8 11.Rc1 b6 12.Qa4 Bd7 13.Rfd1 Nh5 14.Bg5 Bxc3 15.
bxc3 Nd4 16.Qxa7 Nxe2+ 17.Kh1 Nxc1 18.Rxc1 Nf6 19.Rb1 Ng4 20.Rxb6 Nxf2+ 
21.Kg1 Nh3+ 22.Bxh3 Bxh3 23.Rb7 Qd3 24.Rxe7 Qf5 25.Bf4 Ra8 26.Qc7 Rxa2 27.
Qd6 Qc2 28.Re1 Rfa8 29.Qc6 Qa4 30.Qxc5 Ra1 31.Rxa1 Qxa1+ 32.Kf2 Qh1 33.Bh6
Re8 34.Nf3 0-1

[Event "4th Transport Ministry's Cup"]
[Site "Warsaw POL"]
[Date "1978.06.07"]
[Round "9"]
[White "Balogh, Bela"]
[Black "Witkowski, Stefan"]
[Result "0-1"]
[WhiteElo "2280"]
[BlackElo "2365"]
[EventDate "1978.05.30"]
[PlyCount "84"]

1.d4 Nf6 2.Nf3 c5 3.c3 b6 4.Bf4 Bb7 5.e3 d6 6.Nbd2 Ne4 7.Bc4 Nxd2 8.Qxd2 
Nd7 9.e4 a6 10.e5 b5 11.Bb3 c4 12.Bc2 dxe5 13.Nxe5 Nxe5 14.Bxe5 f6 15.Bg3 
Bxg2 16.O-O-O Bxh1 17.Rxh1 g6 18.h4 Bg7 19.h5 Qd5 20.Re1 Qxh5 21.Be4 Rd8 
22.Bc6+ Kf7 23.Qe3 Bh6 24.f4 Bf8 25.Qe6+ Kg7 26.Be4 Rd6 27.Qc8 f5 28.Bg2 
Qg4 29.Re3 h5 30.Qb7 Kf6 31.b3 h4 32.Bh2 h3 33.Bf1 cxb3 34.axb3 Rh7 35.d5 
Rf7 36.Qa7 Rxd5 37.Qb6+ Rd6 38.Re6+ Kg7 39.Rxd6 exd6 40.Qd4+ Kh7 41.Qd3 
Re7 42.Bxh3 Qe2 0-1

[Event "4th Transport Ministry's Cup"]
[Site "Warsaw POL"]
[Date "1978.06.07"]
[Round "9"]
[White "Boehlig, Heinz"]
[Black "Gromek, Jozef"]
[Result "1/2-1/2"]
[WhiteElo "2450"]
[BlackElo "2370"]
[EventDate "1978.05.30"]
[PlyCount "87"]

1.d4 Nf6 2.Nf3 c5 3.c3 e6 4.Bf4 Nc6 5.e3 d5 6.Nbd2 Qb6 7.Qb3 Bd7 8.Qxb6 
axb6 9.Bc7 c4 10.Bxb6 Bd6 11.Be2 Ke7 12.O-O Ra6 13.Bc5 Bxc5 14.dxc5 Rha8 
15.a3 Ra5 16.e4 dxe4 17.Ng5 Rxc5 18.Ngxe4 Nxe4 19.Nxe4 Re5 20.Ng3 Na5 21.
f4 Rb5 22.Rab1 Rb6 23.Rf2 Rd8 24.Bf1 Ba4 25.Re1 Rd1 26.Nf5+ Kf8 27.Rxd1 
Bxd1 28.Ne3 Bb3 29.Rd2 Ke7 30.Rd5 Ra6 31.Rc5 Kd6 32.Rc8 Rc6 33.Rg8 g6 34.
Be2 h5 35.Kf2 Ke7 36.Ra8 Ra6 37.Rc8 Kd7 38.Rf8 Ke7 39.Rc8 Rd6 40.Ke1 Kd7 
41.Rf8 Ke7 42.Rc8 Rd8 43.Rc7+ Rd7 44.Rc8 1/2-1/2

[Event "4th Transport Ministry's Cup"]
[Site "Warsaw POL"]
[Date "1978.06.07"]
[Round "9"]
[White "Filipowicz, Andrzej"]
[Black "Webb, Simon"]
[Result "0-1"]
[WhiteElo "2355"]
[BlackElo "2445"]
[EventDate "1978.05.30"]
[PlyCount "130"]

1.e4 e6 2.d4 d5 3.Nd2 c5 4.exd5 exd5 5.Ngf3 Nc6 6.Bb5 Bd6 7.O-O Ne7 8.dxc5
Bxc5 9.Nb3 Bb6 10.Re1 O-O 11.Be3 Bf5 12.c3 Be4 13.Bxb6 Qxb6 14.Nfd4 Nxd4 
15.Nxd4 Nc6 16.a4 Rac8 17.Nb3 Ne5 18.Nd2 Rfd8 19.Qh5 Nd3 20.Bxd3 Bxd3 21.
Qh3 Bg6 22.b3 Qf6 23.Rac1 h6 24.Qf3 Qg5 25.Qe3 Qxe3 26.fxe3 Rc6 27.c4 dxc4
28.Nxc4 Rd3 29.b4 Be4 30.Ne5 Rxc1 31.Nxd3 Rc4 32.Rd1 Bxd3 33.Rxd3 Rxb4 34.
Ra3 a5 35.Kf2 Kf8 36.Kf3 Ke7 37.g4 Ke6 38.h3 g6 39.Ra1 h5 40.gxh5 gxh5 41.
Ra2 f5 42.Ra1 b6 43.Rg1 Kf6 44.Rc1 Kg5 45.Rc6 Kh4 46.Rf6 Rxa4 47.Rxb6 Kxh3
48.Rf6 Ra1 49.Kf2 Kg4 50.Rg6+ Kh4 51.Kf3 a4 52.Rg2 Rf1+ 53.Ke2 Rb1 54.Kf3 
Rb4 55.Rg8 Rg4 56.Rf8 Kg5 57.Rg8+ Kf6 58.Rf8+ Ke6 59.Kf2 h4 60.Kf3 h3 61.
Rh8 a3 62.Rxh3 Ra4 63.Rh1 a2 64.Ra1 Ke5 65.Ke2 Ke4 0-1

[Event "4th Transport Ministry's Cup"]
[Site "Warsaw POL"]
[Date "1978.06.07"]
[Round "9"]
[White "Kuligowski, Adam"]
[Black "Schinzel, Wladyslaw"]
[Result "1/2-1/2"]
[WhiteElo "2325"]
[BlackElo "2400"]
[EventDate "1978.05.30"]
[PlyCount "24"]

1.c4 Nf6 2.Nc3 e6 3.Nf3 d5 4.d4 c5 5.cxd5 Nxd5 6.e4 Nxc3 7.bxc3 cxd4 8.
cxd4 Bb4+ 9.Bd2 Bxd2+ 10.Qxd2 O-O 11.Bc4 Nc6 12.O-O Qd6 1/2-1/2

[Event "4th Transport Ministry's Cup"]
[Site "Warsaw POL"]
[Date "1978.06.07"]
[Round "9"]
[White "Rajna, Gyorgy"]
[Black "Nun, Josef"]
[Result "1/2-1/2"]
[WhiteElo "2410"]
[BlackElo "2405"]
[EventDate "1978.05.30"]
[PlyCount "118"]

1.d4 d5 2.Nf3 e6 3.c4 c5 4.cxd5 exd5 5.g3 Nc6 6.Bg2 Nf6 7.O-O Be7 8.Nc3 
O-O 9.dxc5 Bxc5 10.Na4 Be7 11.Be3 Ne4 12.Rc1 Be6 13.Nd4 Nxd4 14.Bxd4 Qa5 
15.f3 Nf6 16.Nc5 Bxc5 17.Rxc5 Qd8 18.Qd2 b6 19.Rc3 Ne8 20.b3 Nd6 21.Rfc1 
Nb5 22.Rd3 Nxd4 23.Rxd4 Qe7 24.f4 Rfe8 25.Kf2 Rad8 26.Bf3 g6 27.Rc3 a5 28.
Re3 Qc5 29.Kg2 b5 30.g4 f6 31.f5 Bf7 32.fxg6 hxg6 33.Rc3 Qe7 34.Rc6 Qe5 
35.Rc5 Rb8 36.Qd3 Kg7 37.h3 g5 38.Rcxd5 Bxd5 39.Rxd5 Qe6 40.Qd4 Kg6 41.
Qd3+ Kh6 42.h4 Rb6 43.Rd7 Re7 44.Rd8 Re8 45.Rd7 Re7 46.Rd8 Re8 47.h5 Rg8 
48.Kf2 Ra6 49.Rd7 Rg7 50.Rxg7 Kxg7 51.Qg6+ Kh8 52.Qh6+ Kg8 53.Qg6+ Kh8 54.
Be4 Ra7 55.Bf5 Qe5 56.Qh6+ Kg8 57.Bd3 Qf4+ 58.Ke1 Qc1+ 59.Kf2 Qf4+ 1/2-1/2

[Event "4th Transport Ministry's Cup"]
[Site "Warsaw POL"]
[Date "1978.06.08"]
[Round "10"]
[White "Balogh, Bela"]
[Black "Boehlig, Heinz"]
[Result "0-1"]
[WhiteElo "2280"]
[BlackElo "2450"]
[EventDate "1978.05.30"]
[PlyCount "110"]

1.d4 Nf6 2.c4 e6 3.Nf3 b6 4.e3 Bb7 5.Bd3 Bb4+ 6.Nbd2 O-O 7.O-O d5 8.b3 
Nbd7 9.Bb2 Ne4 10.cxd5 exd5 11.Rc1 Ndf6 12.Nb1 Bd6 13.Ne5 c5 14.f3 Ng5 15.
Nc3 Nd7 16.f4 cxd4 17.exd4 Nxe5 18.fxe5 Be7 19.Ne2 f6 20.Kh1 fxe5 21.dxe5 
Rxf1+ 22.Qxf1 Ne4 23.Nd4 Bc5 24.Bxe4 dxe4 25.Ne6 Qd3 26.Nxc5 bxc5 27.Qxd3 
exd3 28.Rd1 Rd8 29.Kg1 Kf7 30.Kf2 Ke6 31.Rd2 Ba6 32.Ke3 Rf8 33.Rd1 Kd5 34.
Bc3 g5 35.h3 Rf4 36.Re1 h5 37.g3 Rf8 38.g4 hxg4 39.hxg4 Rf4 40.Bd2 Kxe5 
41.Ba5 Kd5 42.Bd2 Rxg4 43.Kf3 Rh4 44.Kg3 Bc8 45.Re8 Bd7 46.Ra8 Rh3+ 47.Kg2
g4 48.Rxa7 Bc6 49.Rg7 Kd4+ 50.Kg1 g3 51.Rg4+ Be4 52.Bc3+ Kxc3 53.Rxe4 d2 
54.Rc4+ Kd3 55.Kg2 Rh5 0-1

[Event "4th Transport Ministry's Cup"]
[Site "Warsaw POL"]
[Date "1978.06.08"]
[Round "10"]
[White "Bernard, Ryszard"]
[Black "Filipowicz, Andrzej"]
[Result "0-1"]
[WhiteElo "2360"]
[BlackElo "2355"]
[EventDate "1978.05.30"]
[PlyCount "98"]

1.e4 c5 2.Nf3 g6 3.d4 Bg7 4.Nc3 Qa5 5.Be2 cxd4 6.Nxd4 Nc6 7.Be3 Nf6 8.O-O 
O-O 9.Nb3 Qc7 10.f4 d6 11.g4 h6 12.h4 Qd7 13.f5 d5 14.exd5 Nb4 15.Bf3 gxf5
16.g5 Ng4 17.Bf4 hxg5 18.hxg5 Ne5 19.Bxe5 Bxe5 20.a3 Na6 21.Kf2 Qc7 22.Rh1
Bd7 23.d6 Qb6+ 24.Kg2 e6 25.Qe1 Bg7 26.Qh4 Rfc8 27.g6 fxg6 28.Qe7 Qd8 29.
Qxd8+ Rxd8 30.Bxb7 Rab8 31.Bxa6 Bc6+ 32.Kf2 Bxh1 33.Rxh1 Rxd6 34.Be2 Rc6 
35.Rd1 Rc7 36.Rd6 Kf7 37.Ra6 Rb6 38.Ra4 g5 39.Nb5 Rxc2 40.Rxa7+ Kg6 41.
N3d4 Rxb2 42.a4 Bf6 43.Ra8 Bxd4+ 44.Nxd4 R6b4 45.Nf3 Re4 46.Ng1 Rg4 47.Nf3
Rf4 48.Rg8+ Kf6 49.a5 g4 0-1

[Event "4th Transport Ministry's Cup"]
[Site "Warsaw POL"]
[Date "1978.06.08"]
[Round "10"]
[White "Gromek, Jozef"]
[Black "Kuligowski, Adam"]
[Result "1/2-1/2"]
[WhiteElo "2370"]
[BlackElo "2325"]
[EventDate "1978.05.30"]
[PlyCount "89"]

1.c4 Nf6 2.Nf3 g6 3.g3 Bg7 4.Bg2 O-O 5.O-O d6 6.d4 Nc6 7.d5 Na5 8.Nfd2 c6 
9.Na3 c5 10.Rb1 Rb8 11.h3 a6 12.b3 b5 13.Bb2 e5 14.e4 Nh5 15.Kh2 Bh6 16.
Qe2 Bd7 17.Bc1 b4 18.Nc2 Nb7 19.Ne3 Qe8 20.Nf5 Bxf5 21.exf5 Qc8 22.Be4 Ng7
23.g4 Qd8 24.Rg1 Bf4+ 25.Kh1 Qf6 26.Nf3 Bxc1 27.Rbxc1 gxf5 28.gxf5 Kh8 29.
Nh2 Qh6 30.Qe3 Qxe3 31.fxe3 Ne8 32.Ng4 f6 33.Nh6 Nd8 34.Bf3 Ng7 35.Rc2 Nf7
36.Nxf7+ Rxf7 37.e4 a5 38.Rcg2 Ra8 39.Bd1 Re7 40.Kh2 Rf8 41.Kg3 Ne8 42.Kh4
Rg7 43.Kh5 Rxg2 44.Rxg2 Ng7+ 45.Kh4 1/2-1/2

[Event "4th Transport Ministry's Cup"]
[Site "Warsaw POL"]
[Date "1978.06.08"]
[Round "10"]
[White "Webb, Simon"]
[Black "Rajna, Gyorgy"]
[Result "1-0"]
[WhiteElo "2445"]
[BlackElo "2410"]
[EventDate "1978.05.30"]
[PlyCount "66"]

1.d4 d5 2.c4 e6 3.Nc3 f5 4.Bf4 Nf6 5.e3 c6 6.Bd3 Be7 7.Nf3 O-O 8.Ne5 Nbd7 
9.Qc2 Ne4 10.f3 Nxc3 11.bxc3 Nxe5 12.Bxe5 Bd6 13.Bxd6 Qxd6 14.O-O e5 15.
cxd5 cxd5 16.Qb3 b6 17.Qb4 Qf6 18.a4 f4 19.dxe5 Qxe5 20.Bxh7+ Kxh7 21.Qxf8
fxe3 22.f4 Qxc3 23.Rac1 e2 24.Rfe1 Qe3+ 25.Kh1 Qd2 26.Qe8 Qxf4 27.Qh5+ Qh6
28.Qxd5 Bb7 29.Qxb7 Re8 30.Qc6 Re6 31.Qc2+ Kg8 32.Qf5 Re8 33.Rc8 Qe3 1-0

[Event "4th Transport Ministry's Cup"]
[Site "Warsaw POL"]
[Date "1978.06.08"]
[Round "10"]
[White "Witkowski, Stefan"]
[Black "Nun, Josef"]
[Result "1/2-1/2"]
[WhiteElo "2365"]
[BlackElo "2405"]
[EventDate "1978.05.30"]
[PlyCount "31"]

1.d4 d5 2.Nf3 e6 3.Bf4 Bd6 4.Bxd6 Qxd6 5.c3 Nf6 6.e3 Nbd7 7.Nbd2 O-O 8.Bd3
e5 9.dxe5 Nxe5 10.Nxe5 Qxe5 11.h3 b6 12.O-O Bb7 13.Nf3 Qe7 14.Rc1 c5 15.
Qe2 Rad8 16.Rfd1 1/2-1/2

[Event "4th Transport Ministry's Cup"]
[Site "Warsaw POL"]
[Date "1978.06.09"]
[Round "11"]
[White "Boehlig, Heinz"]
[Black "Witkowski, Stefan"]
[Result "1/2-1/2"]
[WhiteElo "2450"]
[BlackElo "2365"]
[EventDate "1978.05.30"]
[PlyCount "70"]

1.d4 Nf6 2.Nf3 c5 3.c3 e6 4.Bf4 d5 5.e3 Qb6 6.Qb3 c4 7.Qxb6 axb6 8.Nbd2 b5
9.Ne5 Nh5 10.Bg5 b4 11.Be2 Nf6 12.O-O Nbd7 13.e4 b5 14.Bf3 Bb7 15.Rfe1 
Nxe5 16.dxe5 Nxe4 17.Nxe4 dxe4 18.Bxe4 Bxe4 19.Rxe4 bxc3 20.bxc3 Be7 21.h4
f6 22.exf6 gxf6 23.Bh6 Kf7 24.Rae1 Ra6 25.Rg4 Rg8 26.Rxg8 Kxg8 27.Rb1 Ra5 
28.Be3 f5 29.Bb6 Rxa2 30.Rxb5 Bxh4 31.Bd4 f4 32.Rc5 Ra1+ 33.Kh2 Ra2 34.Kg1
Ra1+ 35.Kh2 Ra2 1/2-1/2

[Event "4th Transport Ministry's Cup"]
[Site "Warsaw POL"]
[Date "1978.06.09"]
[Round "11"]
[White "Filipowicz, Andrzej"]
[Black "Schinzel, Wladyslaw"]
[Result "0-1"]
[WhiteElo "2355"]
[BlackElo "2400"]
[EventDate "1978.05.30"]
[PlyCount "104"]

1.e4 e5 2.Bc4 Nf6 3.d3 Nc6 4.Nc3 Na5 5.Be3 Nxc4 6.dxc4 d6 7.f3 Be6 8.Qd3 
Nd7 9.O-O-O c6 10.g3 a6 11.a4 Qa5 12.b3 Nc5 13.Qd2 b5 14.Nb1 Qc7 15.Bxc5 
dxc5 16.f4 g6 17.Nf3 exf4 18.Qxf4 Qxf4+ 19.gxf4 Bh6 20.Ng5 bxc4 21.bxc4 
Bxc4 22.Rd6 Rc8 23.Nd2 Bxg5 24.fxg5 Be6 25.Nb3 Bxb3 26.cxb3 h6 27.gxh6 
Rxh6 28.Kc2 Ke7 29.Rd2 Rh4 30.Re1 Rch8 31.Ree2 R8h5 32.e5 Rh3 33.Kb2 R5h4 
34.Rd6 Rxh2 35.Rxh2 Rxh2+ 36.Kc3 g5 37.Rxc6 g4 38.Kd3 g3 39.Ke3 Rb2 40.
Rxc5 Rxb3+ 41.Kf4 g2 42.Rc1 Ke6 43.Rg1 Rb2 44.a5 Ra2 45.Ke4 Rxa5 46.Rxg2 
Rxe5+ 47.Kf4 a5 48.Rg8 Rf5+ 49.Kg4 Rb5 50.Re8+ Kf6 51.Re1 Kg6 52.Rg1 Rg5+ 
0-1

[Event "4th Transport Ministry's Cup"]
[Site "Warsaw POL"]
[Date "1978.06.09"]
[Round "11"]
[White "Kuligowski, Adam"]
[Black "Balogh, Bela"]
[Result "1-0"]
[WhiteElo "2325"]
[BlackElo "2280"]
[EventDate "1978.05.30"]
[PlyCount "91"]

1.d4 Nf6 2.c4 g6 3.Nc3 Bg7 4.e4 d6 5.f3 O-O 6.Be3 Nc6 7.Nge2 Rb8 8.Qd2 Re8
9.h4 a6 10.O-O-O h5 11.Bh6 Bh8 12.g4 e5 13.Nd5 hxg4 14.Bg5 gxf3 15.Ng3 Be6
16.h5 Bxd5 17.hxg6 fxg6 18.exd5 Nxd4 19.Rxh8+ Kxh8 20.Qh2+ Kg7 21.Qh6+ Kf7
22.Bd3 Rg8 23.Ne4 Rh8 24.Nxd6+ Ke7 25.Qg7+ Kxd6 26.Bxf6 Qe8 27.Bxg6 Rg8 
28.c5+ Kxd5 29.Bf7+ Kxc5 30.Bxg8 Qxg8 31.Qxc7+ Nc6 32.b3 Qe6 33.Bg5 Kb5 
34.Kb2 a5 35.Be3 b6 36.Rd6 Qc8 37.a4+ Ka6 38.Qxc6 Qxc6 39.Rxc6 e4 40.Re6 
Kb7 41.Rxb6+ Kc7 42.Rxb8 Kxb8 43.Kc3 Kc7 44.Kd4 Kd6 45.Kxe4 Ke6 46.Kxf3 
1-0

[Event "4th Transport Ministry's Cup"]
[Site "Warsaw POL"]
[Date "1978.06.09"]
[Round "11"]
[White "Nun, Josef"]
[Black "Webb, Simon"]
[Result "1/2-1/2"]
[WhiteElo "2405"]
[BlackElo "2445"]
[EventDate "1978.05.30"]
[PlyCount "28"]

1.e4 c5 2.Nc3 Nc6 3.f4 e6 4.Nf3 Nge7 5.d4 cxd4 6.Nxd4 Nxd4 7.Qxd4 Nc6 8.
Qf2 d5 9.exd5 exd5 10.Bd3 Be7 11.O-O O-O 12.a3 Qa5 13.Qf3 Rd8 14.Kh1 Bf6 
1/2-1/2

[Event "4th Transport Ministry's Cup"]
[Site "Warsaw POL"]
[Date "1978.06.09"]
[Round "11"]
[White "Rajna, Gyorgy"]
[Black "Bernard, Ryszard"]
[Result "0-1"]
[WhiteElo "2410"]
[BlackElo "2360"]
[EventDate "1978.05.30"]
[PlyCount "110"]

1.e4 c5 2.Nc3 d6 3.g3 Nc6 4.Bg2 g6 5.d3 Bg7 6.f4 e6 7.Nf3 Nge7 8.O-O O-O 
9.Be3 Nd4 10.Qd2 Rb8 11.Rae1 Nec6 12.Nd1 Nxf3+ 13.Rxf3 b6 14.g4 f5 15.gxf5
exf5 16.Nc3 Nd4 17.Rg3 Bb7 18.Bf2 Qd7 19.Nd5 fxe4 20.dxe4 Bxd5 21.exd5 
Rbe8 22.c3 Rxe1+ 23.Bxe1 Nf5 24.Bh3 Re8 25.Rg5 Qe7 26.Bxf5 Qxe1+ 27.Qxe1 
Rxe1+ 28.Kf2 Ra1 29.Be6+ Kf8 30.Rg2 Rxa2 31.Kf3 a5 32.f5 a4 33.fxg6 hxg6 
34.Rg4 Rxb2 35.Rf4+ Ke8 36.Rxa4 Bxc3 37.h4 Ke7 38.Rf4 Bf6 39.Rg4 Rb3+ 40.
Ke2 Rb4 41.Rxg6 Rxh4 42.Rg8 Re4+ 43.Kd3 Rxe6 44.dxe6 b5 45.Rb8 b4 46.Kc4 
Kxe6 47.Rg8 Be7 48.Rg2 d5+ 49.Kb5 b3 50.Kc6 c4 51.Re2+ Kf7 52.Kxd5 c3 53.
Kc4 c2 54.Rf2+ Bf6 55.Kd3 c1=Q 0-1